000 00523nam a22002057a 4500
005 20251108175116.0
008 250721s2010 xx 000 0 eng d
082 1 4 _aJ/F/TRI
100 1 _aMckinley, Mark
_eEd.
245 1 0 _aTrina s Trip to Holland /
264 1 _aAmman :
_bAL-Rowad,
_c2010.
300 _a8P.
490 0 _aLITTLE READER
650 1 7 _aCHILDREN
650 1 7 _aLEARNING
650 1 7 _aSTORIES
653 _aأطفال مرحلة متوسطة (6-9) سنوات
942 _2ddc
_cBK
999 _c126382
_d126382